00699nam a22001697a 450000500170000001000130001702000260003003500110005603700180006708200110008510000310009624501490012724601060027626000500038227000740043230000230050620220204130657.0 aUR-11419 c400.00a9789390100156 aU-9974 bDBAD/PUBadpl a410.40 aشيخ عبد ا لغنی  aسنسکر ت ا و ر ا ر د و کے لسا نی و ا د بی ر و ا بط و تہز يبی ہم آ ہنگی cشيخ عبد ا لغنی  bSanskrit Aur Urdu Ke Lisaani Wa Adabi Rawaabit Wa Tehzibi Hum Aahangi (Urdu)aby Shaikh Abdul Ghani  aDelhi bEducational Publishing Housec2020 ء a3191,Vakil Street,Kucha Pandit,Lal Kuan,bDelhi e110006k23216162l- a183 ص c22 Cm(Hb)